000 00401cam a22001337a 4500
008 180718b1962 xxu||||| |||| 00| 0 eng d
082 _aA99 H555/H554
100 _aHill, Prudence
245 _aTo know the sky: the life of Air Chief Marshal Sir Roderic Hill
_cby Prudence Hill
260 _aLondon
_bWilliam Kimber
_c1962
300 _a256p.
500 _a30/-
650 _aHill, Sir Roderic, 1894-1954
999 _c368180
_d368180